UBT Library

Mosby's pocket dictionary of medicine, nursing & allied health / (Record no. 47291)

000 -LEADER
fixed length control field 00787pam a2200241 a 4500
001 - CONTROL NUMBER
control field 4904721
005 - DATE AND TIME OF LATEST TRANSACTION
control field 20180823085616.0
008 - FIXED-LENGTH DATA ELEMENTS--GENERAL INFORMATION
fixed length control field 940127s1994 mou d 000 0 eng c
010 ## - LIBRARY OF CONGRESS CONTROL NUMBER
LC control number 94004392
020 ## - INTERNATIONAL STANDARD BOOK NUMBER
International Standard Book Number 0801672260
040 ## - CATALOGING SOURCE
Original cataloging agency DNLM/DLC
Transcribing agency DLC
Modifying agency DLC
041 ## - LANGUAGE CODE
Language code of text/sound track or separate title eng
060 00 - NATIONAL LIBRARY OF MEDICINE CALL NUMBER
Classification number W 13 M8942 1994
080 ## - UNIVERSAL DECIMAL CLASSIFICATION NUMBER
Universal Decimal Classification number 610.3
082 00 - DEWEY DECIMAL CLASSIFICATION NUMBER
Classification number 610.3
Edition number 20
100 ## - Rafti
Rafti 2
101 ## - Shkurtesa
Shkurtesa NUR
245 00 - TITLE STATEMENT
Title Mosby's pocket dictionary of medicine, nursing & allied health /
Statement of responsibility, etc [edited by] Kenneth N. Anderson, Lois E. Anderson.
740 0# - ADDED ENTRY--UNCONTROLLED RELATED/ANALYTICAL TITLE
Uncontrolled related/analytical title Pocket dictionary of medicine, nursing, & allied health.
906 ## - LOCAL DATA ELEMENT F, LDF (RLIN)
a 7
b cbc
c orignew
d 1
e ocip
f 19
g y-gencatlg
942 ## - ADDED ENTRY ELEMENTS (KOHA)
Source of classification or shelving scheme
Item type Books
Holdings
Withdrawn status Lost status Source of classification or shelving scheme Damaged status Not for loan Collection code Permanent location Current location Shelving location Date acquired Total Checkouts Full call number Barcode Date last seen Price effective from Koha item type
          Koleksioni i përgjithshem UBT - Lipjan UBT - Lipjan Koleksioni i përgjithshem 08/23/2018   610.3 AND 002-3012044 08/23/2018 08/23/2018 Books
UBT Library © 2015-2024. All rights reserved University Education for Business and Technology